Honey - Taylor Swift (All Lyrics) - Statistics

General Stats
  • This quiz has been taken 297 times
    231 since last reset
  • The average score is 371 of 422
Answer Stats
Lyrics % Correct
be
99%
call
99%
can
99%
"Honey"
99%
Honey,
99%
Honey
99%
I
99%
me
99%
the
99%
When
99%
when
99%
You
99%
you
99%
I'm
98%
one
98%
want
98%
And
97%
because
97%
'Cause
97%
'cause
97%
if
97%
If
97%
It
97%
it
97%
of
97%
(Of
97%
to
97%
was
97%
called
96%
But
94%
He
94%
(He
94%
say
94%
at
93%
her
93%
my
93%
"Sweetheart"
93%
anyone
92%
in
92%
looked
92%
bar
91%
had
91%
man
91%
off
91%
off)
91%
tellin'
91%
way
91%
wrong
91%
wrong)
91%
bitch
90%
home
90%
home,
90%
home)
90%
passive
90%
whole
90%
back
89%
(Back
89%
cried
89%
(Cried
89%
don't
89%
we
89%
We
89%
fit
88%
skirt
88%
that
88%
were
88%
aggressive
87%
They
87%
all
86%
sayin'
85%
your
85%
bathroom,
84%
bathroom
84%
face
84%
stand
82%
touched
82%
white
82%
"What
81%
those
80%
teeth
78%
you're
78%
mean
77%
standing
77%
saying
76%
Too
76%
with
75%
blues
74%
morning
74%
night
74%
could
73%
like
73%
"Lovely"
73%
are
72%
not
72%
stay
72%
play
71%
awe
70%
high
70%
until
70%
What's
70%
(What's
70%
late
69%
mind
69%
plan?
69%
plan?)
69%
praise
69%
give
68%
around
67%
forever
67%
life
67%
Redefined
67%
remember
67%
ways
67%
house
66%
wearing?"
66%
finding
65%
different
64%
damn
63%
eyes
63%
eyes)
63%
Asking,
62%
meaning
62%
meaning,
62%
color
61%
Who's
61%
land?
60%
baddest
59%
down,
59%
it's
59%
screwing
59%
skies
59%
up
58%
Mm
57%
mm
57%
pink
57%
(Yeah),
55%
yours,
54%
more
53%
paint
53%
Summertime
53%
bed
52%
doors
52%
pick
52%
mine
50%
floor,
49%
graffiti
49%
kiss
49%
(Ooh)
49%
kicking
48%
Sweetie,
47%
Take
47%
talk
47%
spritz,
43%
Wintergreen
42%
Buy
39%
No matching quizzes found
Score Distribution
Percent of People with Each Score
Percentile by Number Answered
Your Score History
You have not taken this quiz since the last reset